000 00272nam a22000857a 4500
999 _c507380
_d507380
082 _aL906x5414 G
245 _aReport of the Comptroller and Auditor General of India:
_bgeneral and social sector
260 _aOrissa
_bComptroller and Auditor General of India:
300 _a142p.